000 00576nam a2200205Ia 4500
003 OSt
005 20250811151135.0
020 _a978-0-321-50121-9
040 _cLC
050 _aQC 21.3 .Y 68 2001
_b1
100 _aYOUNG, HUGH D
245 0 _aUNIVERSITY PHYSICS:SEARS AND ZEMANSKY'S VOLUME 1
250 _a12
260 _a San Francisco,
_bPearson Addison Wesley,
_c2001,
300 _aXiX, 708 P, ILL
500 _aINCLUDES BIBLIOGRAPHICAL REFERENCES AND INDEX
650 _aPhysics--Textbooks
700 _aFREEDMAN ROGER A, FORD A LEWIS
942 _cBK
_2lcc
_n0
999 _c189660
_d189660